000 00663cam a22002051 4500
001 f 01002511
003 DLC
005 20260227111243.0
008 771208s1880 fr af 000 0 frex
010 _af 01002511
035 _a(OCoLC)3474593
040 _aDLC
_cTNJ
_dDLC
042 _apremarc
050 0 0 _aNA5551.L9
_bB5
100 1 _aBégule, Lucien,
_d1848-1935.
245 0 0 _aMonographie de la cathédrale de Lyon.
_cPrécédée d'une notice historique par M. C. Guigue.
260 _aLyon,
_bImpr. Mougin-Rusand,
_c1880.
300 _a2 p. l., viii, 224, [1] p.
_billus., 34 pl. (partly col.)
_c47 cm.
500 _a"Tirage à 385 exemplaires. no. 238."
999 _c22844
_d22844